Типовая подсистема АСУ ВУЗ "Сессия" на базе АСОД "Марс"; Теория и практика совершенствования системы управления вузом

Bibliografiske detaljer
Parent link:Теория и практика совершенствования системы управления вузом.— 1982.— С. 26-34
Andre forfattere: Агранович Б. Л. Борис Львович, Прокофьев В. М., Трубицын А. М., Чучалин И. П. Иван Петрович, Шипунов И. В.
Sprog:russisk
Udgivet: 1982
Fag:
Format: MixedMaterials Book Chapter
KOHA link:https://koha.lib.tpu.ru/cgi-bin/koha/opac-detail.pl?biblionumber=233351

MARC

LEADER 00000naa2a2200000 4500
001 233351
005 20231031203550.0
035 |a (RuTPU)RU\TPU\book\254428 
090 |a 233351 
100 |a 20130301d1982 k y0rusy50 ca 
101 0 |a rus 
102 |a RU 
200 1 |a Типовая подсистема АСУ ВУЗ "Сессия" на базе АСОД "Марс"  |f Б. Л. Агранович [и др.] 
320 |a Библиогр.: 5 назв. 
463 1 |0 (RuTPU)RU\TPU\book\254209  |t Теория и практика совершенствования системы управления вузом  |f под ред. И. П. Чучалина  |v С. 26-34  |d 1982  |p 184 с. 
610 1 |a труды учёных ТПУ 
701 1 |a Агранович  |b Б. Л.  |c специалист в области радиотехники  |c профессор Томского политехнического университета, кандидат технических наук  |f 1938-  |g Борис Львович  |2 stltpush  |3 (RuTPU)RU\TPU\pers\22706 
701 1 |a Прокофьев  |b В. М. 
701 1 |a Трубицын  |b А. М. 
701 1 |a Чучалин  |b И. П.  |c физик  |c ректор Томского института автоматизированных систем управления и радиоэлектроники (ТИАСУР) с 1972 по 1981 гг.  |c ректор Томского политехнического института (ТПИ) с 1981 по 1990 гг.  |c выпускник ФТФ ТПИ 1951 г.  |f 1925-  |g Иван Петрович  |2 stltpush  |3 (RuTPU)RU\TPU\pers\11823 
701 1 |a Шипунов  |b И. В. 
801 1 |a RU  |b 63413507  |c 20130301 
801 2 |a RU  |b 63413507  |c 20220209  |g RCR 
942 |c BK